<?xml version="1.0" encoding="UTF-8"?>
<record
    xmlns:xsi="http://www.w3.org/2001/XMLSchema-instance"
    xsi:schemaLocation="http://www.loc.gov/MARC21/slim http://www.loc.gov/standards/marcxml/schema/MARC21slim.xsd"
    xmlns="http://www.loc.gov/MARC21/slim">

  <leader>00776cam a2200253Ia 4500</leader>
  <datafield tag="999" ind1=" " ind2=" ">
    <subfield code="c">9992</subfield>
    <subfield code="d">9992</subfield>
  </datafield>
  <controlfield tag="001">46997927</controlfield>
  <controlfield tag="003">OCoLC</controlfield>
  <controlfield tag="005">20210208111646.0</controlfield>
  <controlfield tag="008">010523t20011998enk      b    000 0 eng d</controlfield>
  <datafield tag="020" ind1=" " ind2=" ">
    <subfield code="a">185078356X</subfield>
  </datafield>
  <datafield tag="040" ind1=" " ind2=" ">
    <subfield code="a">VRD</subfield>
    <subfield code="c">VRD</subfield>
    <subfield code="d">BAN</subfield>
    <subfield code="d">OCLCQ</subfield>
    <subfield code="d">ATH</subfield>
  </datafield>
  <datafield tag="050" ind1=" " ind2=" ">
    <subfield code="b">SI614H</subfield>
  </datafield>
  <datafield tag="082" ind1=" " ind2=" ">
    <subfield code="b">SI614H</subfield>
  </datafield>
  <datafield tag="090" ind1=" " ind2=" ">
    <subfield code="a">BV601.85</subfield>
    <subfield code="b">.S56 2001</subfield>
  </datafield>
  <datafield tag="090" ind1=" " ind2=" ">
    <subfield code="a">BV601.85</subfield>
    <subfield code="b">.S56 2001</subfield>
  </datafield>
  <datafield tag="100" ind1="1" ind2=" ">
    <subfield code="a">Simson, Wolfgang.</subfield>
  </datafield>
  <datafield tag="245" ind1="1" ind2="0">
    <subfield code="a">Houses that change the world :</subfield>
    <subfield code="b">the return of the house churches /</subfield>
    <subfield code="c">Wolfgang Simson.</subfield>
  </datafield>
  <datafield tag="250" ind1=" " ind2=" ">
    <subfield code="a">1st English ed.</subfield>
  </datafield>
  <datafield tag="260" ind1=" " ind2=" ">
    <subfield code="a">Carlisle, Cumbria, U.K. ;</subfield>
    <subfield code="a">Waynesboro, Ga. :</subfield>
    <subfield code="b">OM Pub.,</subfield>
    <subfield code="c">2001, c1998.</subfield>
  </datafield>
  <datafield tag="300" ind1=" " ind2=" ">
    <subfield code="a">xxxv, 303 p. ;</subfield>
    <subfield code="c">20 cm.</subfield>
  </datafield>
  <datafield tag="504" ind1=" " ind2=" ">
    <subfield code="a">Includes bibliographical references (p. [300]-301).</subfield>
  </datafield>
  <datafield tag="650" ind1=" " ind2="0">
    <subfield code="a">House churches.</subfield>
  </datafield>
  <datafield tag="942" ind1=" " ind2=" ">
    <subfield code="2">ddc</subfield>
    <subfield code="c">BK</subfield>
  </datafield>
  <datafield tag="952" ind1=" " ind2=" ">
    <subfield code="0">0</subfield>
    <subfield code="1">0</subfield>
    <subfield code="2">ddc</subfield>
    <subfield code="4">0</subfield>
    <subfield code="7">0</subfield>
    <subfield code="8">NFIC</subfield>
    <subfield code="a">HMC</subfield>
    <subfield code="b">HMC</subfield>
    <subfield code="c">GEN</subfield>
    <subfield code="d">2021-02-18</subfield>
    <subfield code="l">0</subfield>
    <subfield code="o">250 SI614H</subfield>
    <subfield code="p">011494</subfield>
    <subfield code="r">2021-02-18 00:00:00</subfield>
    <subfield code="w">2021-02-18</subfield>
    <subfield code="y">BK</subfield>
  </datafield>
</record>
